| 000 | 00481nam a2200181Ia 4500 | ||
|---|---|---|---|
| 003 | GCL | ||
| 008 | 140319s9999 xx 000 0 eng d | ||
| 040 |
_aGCL / _cGCL |
||
| 082 | 0 | 4 |
_a720.92 _bR R |
| 100 | 1 | _aRUSSELL, FRANK | |
| 245 | 1 | 0 |
_aRICHARD ROGERS AND ARCHITECTS / _cRUSSELL, FRANK |
| 260 |
_aانجلترا : _bACADEMY EDITIONS |
||
| 300 |
_a160 P ؛ _c21 cm. |
||
| 650 | 0 | 4 | _aARCHITECTS |
| 650 | 0 | 4 | _aMODERN ARCHITECTURE |
| 650 | 0 | 4 | _aROGERS, RICHARD |
| 942 |
_2ddc _cBK |
||
| 999 |
_c11330 _d11330 |
||